5 Primeiros Países Alfabeticamente por Continente - Statistics

Estatísticas Gerais
  • Esse quiz foi jogado 30 050 vezes
  • A pontuação média é 19 de 30
Estatísticas das Respostas
Continente País % Correto
América do Sul Argentina
95%
América do Sul Brasil
93%
Oceania Austrália
90%
América do Sul Bolívia
85%
América do Sul Chile
85%
América do Sul Colômbia
84%
Europa Alemanha
82%
América do Norte Canadá
75%
África África do Sul
72%
Europa Andorra
72%
Europa Albânia
70%
África Argélia
70%
Europa Áustria
68%
África Angola
66%
Ásia Armênia
64%
Ásia Afeganistão
61%
América do Norte Antígua e Barbuda
57%
Ásia Azerbaijão
57%
Europa Bélgica
56%
América do Norte Belize
55%
América do Norte Bahamas
54%
América do Norte Barbados
53%
Oceania Fiji
53%
Ásia Arábia Saudita
45%
África Botswana
41%
Oceania Ilhas Marshall
41%
Oceania Ilhas Salomão
39%
África Benim
37%
Oceania Estados Federados da Micronésia
32%
Ásia Bahrein
31%
Nenhum quiz correspondente encontrado
Distribuição das Pontuações
Porcentagem de Pessoas com Cada Pontuação
Percentil de Números Respondidos
Sua Pontuação Histórica
Você não jogou esse quiz